LEADER 00923cam0-2200337---450- 001 990004370410403321 005 20110513125457.0 010 $a1-85984-034-5 035 $a000437041 035 $aFED01000437041 035 $a(Aleph)000437041FED01 035 $a000437041 100 $a19990604d2000----km-y0itay50------ba 101 0 $aeng 102 $aIT 105 $ay-------001yy 200 1 $aPostcolonial theory$econtexts, practices, politics$fBart Moore-Gilbert 205 $aRepr. 210 $aLondon$cVerso$d2000$aNew York 215 $a243 p.$d24 cm 610 0 $aColonialismo 610 0 $aDecolonizzazione 676 $a325.3$v20$zit 700 1$aMoore-Gilbert,$bBart J.$f<1952- >$0320218 801 0$aIT$bUNINA$gRICA$2UNIMARC 901 $aBK 912 $a990004370410403321 952 $a325.3 MOO 1$b11470 DFM$fFLFBC 959 $aFLFBC 996 $aPostcolonial theory$9540512 997 $aUNINA